000 00685nam a22001695i 4500
001 47935
003 ES-MaACL
007 t|
008 981118m18901892sp ||||1| spa d
040 _aCAM
_bspa
_cCCPB
100 1 _aCuéllar, José T. de.
_941976
245 1 3 _aLa linterna mágica
_b: colección de novelas de costumbres mexicanas, artículos y poesías /
_cde facundo.
260 _aBarcelona :
_b[s.n.],
_c1890-1892 (
_fHermenegildo Miralles)
300 _av.<3, 5-7> ;
_c18 cm.
505 8 _aContiene: v. 3: Ensalada de pollos : novela de estos tiempos que corren -- v. 5-6: Historia de Chucho el Ninfo -- v. 7: Los Fuereños y la Noche Buena
852 _aES-MaACL
_jG-13898-901
999 _c47935
_d47935